000 00894cab a2200241 4500
001 ABS47964
008 090401t1993 xxu||||| |||| 00| 0 eng d
035 _a(Sirsi) u64225
041 _aeng
100 _aBingham, T.
245 _aCutting the interest from arbitration
260 _c1993
350 _a0
490 _aBuilding
_v258(7783) 26 February 1993, 30(1)
520 _aChallenges the appropriateness of the RICS policy on conflict of interest in arbitration. Too stern a line may have serious consequences on the number of surveyors willing to act as arbitrator and may also affect insurance cover.
650 _aARBITRATORS
650 _aCONFLICTS OF INTEREST
650 _aPROFESSIONAL CONDUCT
650 _aRICS
690 _aMANAGEMENT-DISPUTE AVOIDANCE, MANAGEMENT AND RESOLUTION-DISPUTE MANAGEMENT AND RESOLUTION-ARBITRATION
942 _n0
948 _c04/03/1997
999 _c39985
_d39985